000 01062nam0a2200301 4500
001 RU\NLR\ONL2\16303
005 20250613131446.0
010 _a978-5-7680-2212-9
_9500
035 _a(NLR Aleph) 009663888
090 _a9627096
_c9627096
100 _a20100128d2008 |||y0rusy50 ca
101 0 _akbd
102 _aRU
105 _ay |||||||||
200 1 _aУэрэд щIаусыр
_eлитературэ портретхэр, эссе
_fКъэжэр Хьэмид
210 _aНалшык
_cЭльбрус
_d2008
215 _a258,[2] с.
_d21
541 1 _6z01790
_aИстоки поэзии
_eлит. портреты, эссе
_zrus
606 0 _aКабардинская литература
_xИстория
_92175615
_3RU\NLR\auth-onl\66180
686 1 _aШ5(2=К)7-3
700 1 _aКъэжэр
_bХь.
_gХьэмид
_4070
790 1 _6z01541
_aКажаров
_bХ. Х.
_gХамид Хатутович
_4070
801 0 _aRU
_bNLR
_c20100128
_gPSBO
852 _aNLR
_bОНЛ
_jКабар./3-1412
942 _cBOOK
980 _aNB
980 _aONL_RF